[Event "American Continental 15th"]
[Site "Sao Paulo"]
[Date "2019.07.09"]
[Round "6"]
[White "Leite, Tarcisio Dantas Fro"]
[Black "De Freitas, Jose Renato Silva"]
[Result "0-1"]
[WhiteElo "1571"]
[BlackElo "1873"]
[PlyCount "130"]
[EventDate "2019.07.05"]
[EventType "swiss"]
[EventRounds "11"]
[EventCountry "BRA"]
[SourceTitle "CBM 191 Extra"]
[Source "ChessBase"]
[SourceDate "2019.09.30"]
[SourceVersion "1"]
[SourceVersionDate "2019.09.30"]
[SourceQuality "1"]

1. e4 c5 2. Nf3 e6 3. c3 Nf6 4. e5 Nd5 5. d4 cxd4 6. cxd4 Nc6 7. a3 d6 8. Bd2 Qb6 9. Nc3 Qxb2 10. Nxd5 exd5 11. exd6 Bxd6 12. a4 0-0 13. Be2 Nxd4 14. Nxd4 Qxd4 15. 0-0 Bf5 16. Bf3 Be4 17. Ra2 Qf6 18. Bxe4 dxe4 19. Qb3 b6 20. Rc2 Rac8 21. Rcc1 Rxc1 22. Rxc1 Bc5 23. Be3 Bxe3 24. Qxe3 Qe6 25. h3 f5 26. Qf4 Re8 27. Re1 Qe5 28. Qg5 f4 29. Qg4 e3 30. fxe3 fxe3 31. Qc4+ Kh8 32. Re2 h6 33. Qf7 Re7 34. Qf8+ Kh7 35. Kh1 Rc7 36. Qf1 Qe4 37. Qg1 Re7 38. Qd1 Re5 39. Qb3 Re7 40. Qb5 Rc7 41. Qb2 Qd3 42. Kh2 Rc3 43. Kg3 Rb3 44. Qe5 Ra3 45. Kf3 Rxa4 46. Rxe3 Qg6 47. Kf2 Ra2+ 48. Re2 Qf6+ 49. Kg1 Qxe5 50. Rxe5 Rb2 51. Re7 a5 52. Ra7 Rb4 53. g3 a4 54. Kg2 b5 55. g4 Rb3 56. h4 a3 57. g5 h5 58. Ra6 Rb2+ 59. Kg3 a2 60. Kf4 b4 61. g6+ Kh6 62. Ra8 Kxg6 63. Ra6+ Kh7 64. Kg5 b3 65. Kxh5 Rb1 0-1

[Event "American Continental 15th"]
[Site "Sao Paulo"]
[Date "2019.07.08"]
[Round "5"]
[White "De Freitas, Jose Renato Silva"]
[Black "Kikuchi Cadilhac, Mariana Sawae"]
[Result "1-0"]
[WhiteElo "1873"]
[BlackElo "1639"]
[PlyCount "83"]
[EventDate "2019.07.05"]
[EventType "swiss"]
[EventRounds "11"]
[EventCountry "BRA"]
[SourceTitle "CBM 191 Extra"]
[Source "ChessBase"]
[SourceDate "2019.09.30"]
[SourceVersion "1"]
[SourceVersionDate "2019.09.30"]
[SourceQuality "1"]

1. d4 d5 2. c4 c6 3. Nf3 Nf6 4. Nc3 dxc4 5. a4 Bf5 6. Nh4 Bg6 7. Nxg6 hxg6 8. e4 e6 9. Bxc4 Bb4 10. f3 Qc7 11. e5 Nd5 12. Bd2 Nb6 13. Bb3 Na6 14. Rc1 Qe7 15. Ne4 0-0-0 16. Bc3 f5 17. Nd2 Kb8 18. 0-0 Qh4 19. h3 c5 20. f4 cxd4 21. Bxb4 Nxb4 22. Bxe6 Nd3 23. Nf3 Qe7 24. Qxd3 Qxe6 25. Nxd4 Qd5 26. Rfd1 Nxa4 27. Qa3 Nb6 28. Nc6+ Qxc6 29. Rxd8+ Rxd8 30. Rxc6 bxc6 31. Qe7 Rd7 32. Qe8+ Kb7 33. Qxg6 Rd1+ 34. Kh2 Rd2 35. e6 Nd5 36. Qxg7+ Kb6 37. Qe5 Rc2 38. e7 Nxe7 39. Qxe7 Rxb2 40. h4 a5 41. h5 a4 42. h6 1-0

[Event "American Continental 15th"]
[Site "Sao Paulo"]
[Date "2019.07.07"]
[Round "3"]
[White "De Freitas, Jose Renato Silva"]
[Black "Mesquita, Arnaldo Leite"]
[Result "0-1"]
[WhiteElo "1873"]
[BlackElo "1703"]
[PlyCount "146"]
[EventDate "2019.07.05"]
[EventType "swiss"]
[EventRounds "11"]
[EventCountry "BRA"]
[SourceTitle "CBM 191 Extra"]
[Source "ChessBase"]
[SourceDate "2019.09.30"]
[SourceVersion "1"]
[SourceVersionDate "2019.09.30"]
[SourceQuality "1"]

1. d4 Nf6 2. c4 g6 3. Nc3 d5 4. Nf3 Bg7 5. Qb3 dxc4 6. Qxc4 0-0 7. e4 c6 8. Be3 Nbd7 9. Be2 Nb6 10. Qd3 Ng4 11. Bf4 Be6 12. 0-0 Bc4 13. Qc2 Bxe2 14. Qxe2 f6 15. Rad1 Qe8 16. h3 Nh6 17. d5 e5 18. dxe6 Qxe6 19. Rd6 Qc4 20. Qxc4+ Nxc4 21. Rd7 Rf7 22. Rfd1 Nb6 23. R7d6 Re8 24. g4 Nc4 25. Bc1 Rfe7 26. Rd7 Nf7 27. Kg2 b5 28. Rxe7 Rxe7 29. Nd4 Rc7 30. Ne6 Rc8 31. Nxg7 Kxg7 32. b3 Nb6 33. Bb2 Kf8 34. f4 Rd8 35. Rxd8+ Nxd8 36. Ne2 Kf7 37. Kf3 c5 38. Nc3 a6 39. Nd5 Nxd5 40. exd5 Nb7 41. f5 Nd6 42. Kf4 g5+ 43. Ke3 Ke7 44. Ba3 Nb7 45. Ke4 Nd6+ 46. Kd3 Nb7 47. Bb2 Nd6 48. a3 c4+ 49. bxc4 Nxc4 50. Bc1 Kd6 51. Ke4 Nb6 52. h4 h6 53. hxg5 hxg5 54. Bb2 Nxd5 55. Bd4 a5 56. Kd3 Kc6 57. Kc2 b4 58. axb4 axb4 59. Kb3 Kb5 60. Bf2 Nc3 61. Bd4 Ne4 62. Bb2 Nc5+ 63. Kc2 Nd7 64. Kd3 Kc5 65. Ke4 b3 66. Ba1 Kd6 67. Bb2 Ne5 68. Kd4 Nxg4 69. Kc4 Ne5+ 70. Kxb3 g4 71. Bd4 Kd5 72. Kc3 Ke4 73. Bxe5 Kxe5 0-1

[Event "BRA-ch Amateur U2000"]
[Site "Sao Paulo"]
[Date "2019.06.22"]
[Round "6"]
[White "De Freitas, Isabella Ribeiro Co"]
[Black "De Freitas, Jose Renato Silva"]
[Result "1/2-1/2"]
[WhiteElo "1624"]
[BlackElo "1890"]
[PlyCount "72"]
[EventDate "2019.06.20"]
[EventType "swiss"]
[EventRounds "7"]
[EventCountry "BRA"]
[SourceTitle "EXT 2020"]
[Source "ChessBase"]
[SourceDate "2019.10.17"]
[SourceVersion "1"]
[SourceVersionDate "2019.10.17"]
[SourceQuality "1"]

1. c4 Nf6 2. Nc3 d5 3. cxd5 Nxd5 4. Nf3 g6 5. Qa4+ c6 6. Qd4 Nf6 7. Qxd8+ Kxd8 8. d4 Na6 9. a3 h6 10. Bf4 Bg7 11. e4 Nc7 12. Bc4 e6 13. 0-0 Nh5 14. Be5 Bxe5 15. Nxe5 Ke7 16. d5 exd5 17. exd5 cxd5 18. Nxd5+ Nxd5 19. Bxd5 Nf4 20. Bxf7 Kf6 21. Rfe1 Bf5 22. Bc4 Rhe8 23. Nf3 Bd3 24. Bxd3 Nxd3 25. Rxe8 Rxe8 26. b3 Re2 27. Rd1 Rb2 28. Nd2 Nc5 29. b4 Na4 30. Nb1 Nb6 31. g3 Nc4 32. Rc1 b5 33. Nc3 Nxa3 34. Ra1 Rb3 35. Nd5+ Ke5 36. Nc7 Kf6 1/2-1/2

[Event "Barueri op 3rd"]
[Site "Barueri"]
[Date "2019.04.21"]
[Round "6"]
[White "Alboredo, Julia"]
[Black "De Freitas, Jose Renato Silva"]
[Result "1/2-1/2"]
[WhiteElo "2192"]
[BlackElo "1869"]
[PlyCount "104"]
[EventDate "2019.04.19"]
[EventType "swiss"]
[EventRounds "6"]
[EventCountry "BRA"]
[SourceTitle "CBM 190 Extra"]
[Source "ChessBase"]
[SourceDate "2019.07.15"]
[SourceVersion "1"]
[SourceVersionDate "2019.07.15"]
[SourceQuality "1"]

1. e4 c5 2. Nf3 e6 3. d4 cxd4 4. Nxd4 Nc6 5. Nc3 Qc7 6. Be3 a6 7. Qd2 Nf6 8. f3 Bb4 9. a3 Be7 10. g4 b5 11. g5 Nh5 12. 0-0-0 b4 13. axb4 Bxb4 14. Be2 Nxd4 15. Qxd4 Bxc3 16. Qxc3 Qxc3 17. bxc3 Bb7 18. Kd2 0-0 19. Rb1 Bc6 20. Rb6 a5 21. Ra1 f6 22. Bc5 Rfc8 23. gxf6 Nxf6 24. Bd4 a4 25. Bb5 a3 26. Bxc6 Rxc6 27. Rxc6 dxc6 28. c4 a2 29. c3 Kf7 30. Kc2 Nd7 31. c5 g6 32. Kb3 Ke8 33. Rxa2 Rxa2 34. Kxa2 Kd8 35. f4 Ke7 36. Kb3 e5 37. fxe5 Ke6 38. Kb4 Nf8 39. Kc4 Nd7 40. Kb4 Nf8 41. h4 h6 42. Ka5 g5 43. hxg5 hxg5 44. Kb6 Kd7 45. Be3 g4 46. Bf2 Ne6 47. Bh4 Nf8 48. c4 Ne6 49. Bf2 Nf8 50. Be3 g3 51. Bg1 g2 52. Be3 Ne6 1/2-1/2

[Event "BRA-ch Amateur U2000"]
[Site "Sao Paulo"]
[Date "2018.06.02"]
[Round "6"]
[White "Resende, Lucas B Massucato"]
[Black "De Freitas, Jose Renato Silva"]
[Result "1-0"]
[WhiteElo "1838"]
[BlackElo "1896"]
[PlyCount "41"]
[EventDate "2018.05.31"]
[EventType "swiss"]
[EventRounds "7"]
[EventCountry "BRA"]
[SourceTitle "EXT 2021"]
[Source "ChessBase"]
[SourceDate "2020.10.23"]
[SourceVersion "1"]
[SourceVersionDate "2020.10.23"]
[SourceQuality "1"]

1. d4 Nf6 2. c4 g6 3. Nc3 d5 4. Bf4 Bg7 5. Rc1 c6 6. Nf3 0-0 7. e3 Bf5 8. Qb3 Qb6 9. cxd5 Qxb3 10. axb3 cxd5 11. Be2 Nc6 12. 0-0 Nb4 13. Ne5 Bc2 14. Nb5 Rfc8 15. Bd1 Bxd1 16. Rfxd1 Rxc1 17. Rxc1 a6 18. Na3 Ne8 19. Rc3 Nd6 20. Nd7 Rc8 21. Bxd6 1-0

[Event "BRA-ch Amateur U2000"]
[Site "Sao Paulo"]
[Date "2018.06.01"]
[Round "3"]
[White "De Freitas, Jose Renato Silva"]
[Black "Castro, Leonardo Nascimento"]
[Result "1/2-1/2"]
[WhiteElo "1896"]
[BlackElo "1676"]
[PlyCount "96"]
[EventDate "2018.05.31"]
[EventType "swiss"]
[EventRounds "7"]
[EventCountry "BRA"]
[SourceTitle "EXT 2021"]
[Source "ChessBase"]
[SourceDate "2020.10.23"]
[SourceVersion "1"]
[SourceVersionDate "2020.10.23"]
[SourceQuality "1"]

1. d4 Nf6 2. c4 e6 3. Nc3 Bb4 4. e3 0-0 5. Nge2 Re8 6. a3 Bf8 7. Ng3 d5 8. cxd5 exd5 9. Bd3 c6 10. 0-0 Be6 11. e4 dxe4 12. Ncxe4 Nxe4 13. Bxe4 Bd5 14. Bc2 Nd7 15. Qd3 g6 16. Bd2 Nf6 17. Rae1 Qd7 18. h4 Bg7 19. h5 Rxe1 20. Rxe1 Re8 21. Rxe8+ Qxe8 22. hxg6 hxg6 23. f4 Bh6 24. f5 Bxd2 25. Qxd2 Kg7 26. fxg6 fxg6 27. Qf4 Qe6 28. Qc7+ Qd7 29. Qf4 Qe6 30. Qg5 Ne4 31. Qf4 Nxg3 32. Qxg3 Qf6 33. Qc7+ Kh6 34. Qh2+ Kg7 35. Qc7+ Kh6 36. Qe5 Qxe5 37. dxe5 Kg5 38. g3 Kh6 39. Kf2 Kg7 40. Ke3 g5 41. Kd4 b6 42. b4 Kf7 43. b5 Ke7 44. Bf5 Bf3 45. bxc6 Bxc6 46. Kc4 Kf7 47. Kb4 Ke7 48. Kc4 Kf7 1/2-1/2

[Event "BRA-ch Amateur U2000"]
[Site "Sao Paulo"]
[Date "2018.05.31"]
[Round "2"]
[White "Raimundo, Airton Carlos Nunes"]
[Black "De Freitas, Jose Renato Silva"]
[Result "1-0"]
[WhiteElo "1982"]
[BlackElo "1896"]
[PlyCount "43"]
[EventDate "2018.05.31"]
[EventType "swiss"]
[EventRounds "7"]
[EventCountry "BRA"]
[SourceTitle "EXT 2021"]
[Source "ChessBase"]
[SourceDate "2020.10.23"]
[SourceVersion "1"]
[SourceVersionDate "2020.10.23"]
[SourceQuality "1"]

1. e4 c5 2. Nf3 e6 3. d4 cxd4 4. Nxd4 Nc6 5. Be3 Qc7 6. Nb5 Qb8 7. N1c3 a6 8. Nd4 Nf6 9. f3 Qc7 10. Qd2 Bb4 11. g4 Ne5 12. h4 Nc4 13. Bxc4 Qxc4 14. Nde2 Qc7 15. 0-0-0 b5 16. h5 Bb7 17. Qd4 Qc4 18. g5 Nxe4 19. Qxd7+ Kf8 20. Qxb7 Nxc3 21. Qxa8+ Ke7 22. Qb7+ 1-0

[Event "BRA-ch Amateur U2000"]
[Site "Sao Paulo"]
[Date "2017.10.15"]
[Round "7"]
[White "Rodrigues, Julliano de Araujo"]
[Black "De Freitas, Jose Renato Silva"]
[Result "1-0"]
[WhiteElo "1857"]
[BlackElo "1990"]
[PlyCount "49"]
[EventDate "2017.10.12"]
[EventType "swiss"]
[EventRounds "7"]
[EventCountry "BRA"]
[SourceTitle "EXT 2022"]
[Source "ChessBase"]
[SourceDate "2021.10.06"]
[SourceVersion "1"]
[SourceVersionDate "2021.10.06"]
[SourceQuality "1"]

1. e4 c5 2. Nf3 e6 3. d4 cxd4 4. Nxd4 Nc6 5. Nb5 d6 6. Bf4 e5 7. Be3 Nf6 8. Bg5 a6 9. Bxf6 gxf6 10. N5c3 Be6 11. Nd2 d5 12. exd5 Bxd5 13. Nxd5 Qxd5 14. Qg4 Nb4 15. 0-0-0 Qxa2 16. g3 Qa1+ 17. Nb1 Na2+ 18. Kd2 Rd8+ 19. Ke3 Rxd1 20. Bb5+ axb5 21. Rxd1 Bc5+ 22. Kf3 Qxb2 23. Qc8+ Ke7 24. Rd7+ Ke6 25. Rd8+ 1-0

[Event "BRA-ch Amateur U2000"]
[Site "Sao Paulo"]
[Date "2017.10.12"]
[Round "1"]
[White "De Freitas, Jose Renato Silva"]
[Black "Ribeiro, Allysson"]
[Result "1-0"]
[WhiteElo "1990"]
[BlackElo "1858"]
[PlyCount "36"]
[EventDate "2017.10.12"]
[EventType "swiss"]
[EventRounds "7"]
[EventCountry "BRA"]
[SourceTitle "EXT 2022"]
[Source "ChessBase"]
[SourceDate "2021.10.06"]
[SourceVersion "1"]
[SourceVersionDate "2021.10.06"]
[SourceQuality "1"]

1. d4 d5 2. c4 Nc6 3. Nf3 Bg4 4. e3 e5 5. cxd5 Qxd5 6. Nc3 Bb4 7. Bd2 Bxc3 8. bxc3 e4 9. c4 Qh5 10. Qb1 0-0-0 11. Qxe4 Nf6 12. Qf4 Rhe8 13. Be2 g5 14. Qxf6 Re6 15. Qxg5 Bxf3 16. Qxh5 Bxh5 17. Bxh5 Nxd4 18. 0-0-0 Nf5 1-0

[Event "Aldeia de Barueri op"]
[Site "Aldeia de Barueri"]
[Date "2017.08.05"]
[Round "4"]
[White "De Freitas, Jose Renato Silva"]
[Black "Dos Santos Junior, Gabriel Ribeiro"]
[Result "1-0"]
[WhiteElo "2003"]
[BlackElo "1761"]
[PlyCount "75"]
[EventDate "2017.08.04"]
[EventType "swiss"]
[EventRounds "6"]
[EventCountry "BRA"]
[SourceTitle "CBM 180 Extra"]
[Source "ChessBase"]
[SourceDate "2017.10.06"]
[SourceVersion "1"]
[SourceVersionDate "2017.10.06"]
[SourceQuality "1"]

1. d4 d5 2. c4 e6 3. Nc3 Nf6 4. cxd5 exd5 5. Bg5 c6 6. Qc2 Be7 7. e3 0-0 8. Bd3 h6 9. Bh4 Re8 10. Nge2 Nbd7 11. 0-0 Nf8 12. f3 N6h7 13. Bf2 Bd6 14. e4 dxe4 15. fxe4 Bg4 16. Ng3 Rc8 17. e5 Bxe5 18. dxe5 Rxe5 19. Bxa7 b6 20. Bxh7+ Nxh7 21. Qf2 c5 22. Qxf7+ Kh8 23. Qb3 Qd4+ 24. Kh1 Qb4 25. Bxb6 Qxb3 26. axb3 Nf6 27. Rfe1 Rxe1+ 28. Rxe1 Nd7 29. Ba5 Nf6 30. h3 Bd7 31. Rd1 Rb8 32. Nge4 Nxe4 33. Nxe4 Bf5 34. Nxc5 Kh7 35. Bc3 Re8 36. Re1 Rc8 37. b4 Rc7 38. Ne6 1-0

[Event "Aldeia de Barueri op"]
[Site "Aldeia de Barueri"]
[Date "2017.08.05"]
[Round "3"]
[White "Do Valle Cardoso, Lucas"]
[Black "De Freitas, Jose Renato Silva"]
[Result "1/2-1/2"]
[WhiteElo "1888"]
[BlackElo "2003"]
[PlyCount "92"]
[EventDate "2017.08.04"]
[EventType "swiss"]
[EventRounds "6"]
[EventCountry "BRA"]
[SourceTitle "CBM 180 Extra"]
[Source "ChessBase"]
[SourceDate "2017.10.06"]
[SourceVersion "1"]
[SourceVersionDate "2017.10.06"]
[SourceQuality "1"]

1. e4 c5 2. Nf3 e6 3. d4 cxd4 4. Nxd4 Nc6 5. Nc3 Qc7 6. Be3 a6 7. Bd3 Nf6 8. 0-0 Bb4 9. Kh1 b5 10. a4 Nxd4 11. Bxd4 e5 12. Be3 Bxc3 13. bxc3 bxa4 14. Rxa4 0-0 15. f4 d6 16. Qf3 Ng4 17. Bd2 Qd7 18. Ra3 exf4 19. Bxf4 Ne5 20. Qg3 f6 21. Bxe5 dxe5 22. Bc4+ Kh8 23. Bd5 Bb7 24. c4 Bxd5 25. cxd5 Qb5 26. Qd3 Qxd3 27. cxd3 a5 28. Kg1 Kg8 29. Rc1 f5 30. Rc5 fxe4 31. dxe4 Rab8 32. Rf3 Rb4 33. Rxf8+ Kxf8 34. d6 Rd4 35. Rxe5 Rxd6 36. Rxa5 Rd2 37. h3 Ke7 38. Kh2 Re2 39. Ra4 Re3 40. Kg1 Re2 41. Kh2 Re3 42. h4 Ke6 43. g3 Ke5 44. Ra5+ Ke6 45. Ra6+ Ke5 46. Ra7 Kf6 1/2-1/2

[Event "Aldeia de Barueri op"]
[Site "Aldeia de Barueri"]
[Date "2017.08.04"]
[Round "2"]
[White "De Freitas, Jose Renato Silva"]
[Black "Mandetta, Joao Danilo"]
[Result "0-1"]
[WhiteElo "2003"]
[BlackElo "2332"]
[PlyCount "74"]
[EventDate "2017.08.04"]
[EventType "swiss"]
[EventRounds "6"]
[EventCountry "BRA"]
[SourceTitle "CBM 180 Extra"]
[Source "ChessBase"]
[SourceDate "2017.10.06"]
[SourceVersion "1"]
[SourceVersionDate "2017.10.06"]
[SourceQuality "1"]

1. d4 Nf6 2. c4 c5 3. d5 e6 4. Nc3 exd5 5. cxd5 d6 6. Nf3 g6 7. g3 Bg7 8. Bg2 0-0 9. 0-0 a6 10. a4 Re8 11. Bf4 h6 12. h3 Ne4 13. Nxe4 Rxe4 14. Nd2 Rb4 15. e4 Qe7 16. Rb1 Nd7 17. Qc2 b5 18. b3 Bb7 19. Rfe1 Rc8 20. Bf1 g5 21. Be3 Bd4 22. Nf3 Bxe3 23. Rxe3 Ne5 24. Nxe5 Qxe5 25. Be2 Re8 26. Bd3 Bc8 27. axb5 axb5 28. Qe2 Bd7 29. Kg2 Kg7 30. Qh5 Ra8 31. Rf3 f6 32. Re3 Ra2 33. h4 g4 34. Qxe5 fxe5 35. Ree1 Be8 36. Re2 Rxe2 37. Bxe2 Rxe4 0-1

[Event "Sao Paulo op-A 6th"]
[Site "Sao Paulo"]
[Date "2017.04.16"]
[Round "6"]
[White "Soares, Joao Carlos TC"]
[Black "De Freitas, Jose Renato Silva"]
[Result "0-1"]
[WhiteElo "1830"]
[BlackElo "1990"]
[PlyCount "92"]
[EventDate "2017.04.14"]
[EventType "swiss"]
[EventRounds "6"]
[EventCountry "BRA"]
[SourceTitle "CBM 178 Extra"]
[Source "ChessBase"]
[SourceDate "2017.06.22"]
[SourceVersion "1"]
[SourceVersionDate "2017.06.22"]
[SourceQuality "1"]

1. e4 c5 2. Nf3 e6 3. d4 cxd4 4. Nxd4 Nc6 5. Nxc6 bxc6 6. Bd3 d5 7. 0-0 Bc5 8. Nd2 Ne7 9. b3 0-0 10. Bb2 Ng6 11. Kh1 Qg5 12. g3 e5 13. Nf3 Qe7 14. Qe2 Bg4 15. Kg2 dxe4 16. Bxe4 Qe6 17. Rfe1 f5 18. Bd3 e4 19. Nd4 Bxe2 20. Nxe6 Bf3+ 21. Kg1 exd3 22. Nxc5 d2 23. Red1 Bxd1 24. Rxd1 Rad8 25. Kg2 Rfe8 26. Nd3 Re2 27. Ba3 Ne5 28. Kf1 Re4 29. Rxd2 Nxd3 30. Rxd3 Rxd3 31. cxd3 Re5 32. Bb4 Kf7 33. h4 f4 34. d4 Re4 35. Bc5 f3 36. Bxa7 Ke6 37. Kg1 Re2 38. a3 Kf5 39. b4 Kg4 40. Kf1 Ra2 41. Ke1 Rxa3 42. Bc5 Ra2 43. b5 cxb5 44. d5 Kf5 45. g4+ Ke5 46. d6 Ke6 0-1

[Event "Sao Paulo op-A 6th"]
[Site "Sao Paulo"]
[Date "2017.04.14"]
[Round "1"]
[White "De Freitas, Jose Renato Silva"]
[Black "Sega, Carlos Alberto"]
[Result "1/2-1/2"]
[WhiteElo "1990"]
[BlackElo "2223"]
[PlyCount "31"]
[EventDate "2017.04.14"]
[EventType "swiss"]
[EventRounds "6"]
[EventCountry "BRA"]
[SourceTitle "CBM 178 Extra"]
[Source "ChessBase"]
[SourceDate "2017.06.22"]
[SourceVersion "1"]
[SourceVersionDate "2017.06.22"]
[SourceQuality "1"]

1. d4 Nf6 2. c4 e6 3. Nc3 Bb4 4. e3 0-0 5. Nge2 Re8 6. a3 Bf8 7. Ng3 d5 8. cxd5 exd5 9. Bd3 c5 10. dxc5 Bxc5 11. 0-0 Nc6 12. b4 Bd6 13. Bb2 Bg4 14. Be2 Bxg3 15. hxg3 Ne5 16. Bxg4 1/2-1/2

[Event "Sao Bernardo do Campo LXSBC fin-B"]
[Site "Sao Bernardo do Campo"]
[Date "2017.01.22"]
[Round "4"]
[White "De Freitas, Jose Renato Silva"]
[Black "Dos Reis, Leandro Aparecido C"]
[Result "0-1"]
[WhiteElo "1944"]
[BlackElo "1948"]
[PlyCount "118"]
[EventDate "2017.01.21"]
[EventType "tourn"]
[EventRounds "9"]
[EventCountry "BRA"]
[SourceTitle "EXT 2018"]
[Source "ChessBase"]
[SourceDate "2017.10.13"]
[SourceVersion "1"]
[SourceVersionDate "2017.10.13"]
[SourceQuality "1"]

1. d4 Nf6 2. c4 e6 3. Nc3 c5 4. d5 exd5 5. cxd5 d6 6. Nf3 a6 7. a4 g6 8. g3 Bg7 9. Bg2 0-0 10. 0-0 Re8 11. Bf4 Nh5 12. Bg5 Qc7 13. Nd2 h6 14. Be3 Bg4 15. h3 Bd7 16. g4 Nf6 17. g5 hxg5 18. Bxg5 Re5 19. Nf3 Re8 20. Nd2 Re5 21. Nf3 Re8 22. Nd2 Nh7 23. Bf4 Be5 24. Bh6 Qc8 25. e4 Bxh3 26. Ra3 Bg4 27. Bf3 Bh3 28. Bg2 Qg4 29. Qxg4 Bxg4 30. Nc4 Nd7 31. f4 Bxc3 32. Rxc3 Be2 33. Nxd6 Bxf1 34. Bxf1 Reb8 35. Bh3 Nhf6 36. Rd3 Nf8 37. e5 Ne8 38. Nxe8 Rxe8 39. Bg5 c4 40. Rd2 b5 41. axb5 axb5 42. Bf6 Ra1+ 43. Kg2 Ra2 44. Rc2 Nh7 45. Bh4 g5 46. Bg3 gxf4 47. Bxf4 Ra4 48. Kf3 Nf8 49. Rg2+ Kh8 50. Bf5 c3 51. Bg5 Ng6 52. Bf6+ Kg8 53. bxc3 Rf4+ 54. Ke3 Rxf5 55. Kd4 Kf8 56. d6 Rf4+ 57. Kd5 Rc4 58. d7 Nf4+ 59. Kd6 Re6# 0-1

[Event "Sao Paulo op 5th"]
[Site "Sao Paulo"]
[Date "2016.10.16"]
[Round "6"]
[White "De Freitas, Jose Renato Silva"]
[Black "Pacheco, Helcio Alexandre"]
[Result "1/2-1/2"]
[WhiteElo "1870"]
[BlackElo "2097"]
[PlyCount "72"]
[EventDate "2016.10.13"]
[EventType "swiss"]
[EventRounds "6"]
[EventCountry "BRA"]
[SourceTitle "CBM 175 Extra"]
[Source "ChessBase"]
[SourceDate "2016.12.12"]
[SourceVersion "1"]
[SourceVersionDate "2016.12.12"]
[SourceQuality "1"]

1. d4 Nf6 2. c4 g6 3. Nc3 d5 4. Bf4 Bg7 5. e3 0-0 6. Rc1 c5 7. dxc5 Qa5 8. cxd5 Ne4 9. Nge2 Na6 10. f3 Nxc3 11. Nxc3 Nxc5 12. Qd2 b6 13. Be2 e6 14. dxe6 Bxe6 15. 0-0 Bxa2 16. Ne4 Nxe4 17. Qxa5 bxa5 18. fxe4 a4 19. Bd6 Bxb2 20. Rc2 Rfb8 21. Bxb8 Rxb8 22. Bc4 Bxc4 23. Rxc4 a3 24. Ra4 Rb7 25. Rb1 Rc7 26. Kf2 Kf8 27. Rd1 Ke7 28. Rd5 h5 29. Rda5 Kd6 30. Rxa7 Rxa7 31. Rxa7 Kc5 32. Ke2 h4 33. Kd3 f6 34. Kc2 Kd6 35. h3 Ke6 36. Kd3 Kd6 1/2-1/2